[Event "South Moravia Region-chT 2223"]
[Site "Czech Republic"]
[Date "2023.04.02"]
[Round "11.6"]
[White "Rokos, Jiri"]
[Black "Loubal, Pavel"]
[Result "1/2-1/2"]
[WhiteElo "1858"]
[BlackElo "1954"]
[PlyCount "83"]
[EventDate "2022.10.09"]
[EventType "team-tourn"]
[EventRounds "11"]
[EventCountry "CZE"]
[SourceTitle "EXT 2024"]
[Source "ChessBase"]
[SourceDate "2023.10.10"]
[SourceVersion "1"]
[SourceVersionDate "2023.10.10"]
[SourceQuality "1"]

1. d4 Nf6 2. c4 c5 3. d5 b5 4. cxb5 a6 5. bxa6 Bxa6 6. Nc3 d6 7. Nf3 g6 8. g3 Bg7 9. Bg2 Nbd7 10. 0-0 0-0 11. Re1 Ng4 12. Qc2 Qa5 13. Bd2 Rfb8 14. Nd1 Qb6 15. Bc3 Nge5 16. Nxe5 Bxe5 17. Bxe5 Nxe5 18. f4 c4+ 19. Kh1 Ng4 20. e4 Qb4 21. Qc3 Qc5 22. Qd2 Qb4 23. Qxb4 Rxb4 24. h3 Nf6 25. Re3 Rab8 26. Rc1 Nd7 27. Rec3 Nc5 28. R1c2 Kg7 29. e5 Bc8 30. exd6 exd6 31. Kh2 Bf5 32. Re2 Bd3 33. Re7 Na4 34. Ra3 Nxb2 35. Nc3 R4b7 36. Ra7 Rxe7 37. Rxe7 Rb6 38. Rc7 Rb8 39. Rc6 Rd8 40. a4 Ra8 41. Rxd6 Nxa4 42. Nxa4 1/2-1/2

[Event "South Moravia Region-chT 2223"]
[Site "Czech Republic"]
[Date "2022.11.27"]
[Round "4.5"]
[White "Loubal, Pavel"]
[Black "Svizensky, Lubos"]
[Result "1/2-1/2"]
[WhiteElo "1939"]
[BlackElo "1838"]
[PlyCount "119"]
[EventDate "2022.10.09"]
[EventType "team-tourn"]
[EventRounds "11"]
[EventCountry "CZE"]
[SourceTitle "EXT 2024"]
[Source "ChessBase"]
[SourceDate "2023.10.10"]
[SourceVersion "1"]
[SourceVersionDate "2023.10.10"]
[SourceQuality "1"]

1. d4 d5 2. c4 c6 3. Nf3 Nf6 4. Nc3 e6 5. cxd5 exd5 6. Qc2 Bd6 7. Bg5 h6 8. Bh4 0-0 9. e3 Re8 10. Bd3 Nbd7 11. 0-0 Be7 12. Rfc1 Ne4 13. Bxe7 Qxe7 14. b4 a6 15. a4 Ndf6 16. Ne5 Nxc3 17. Qxc3 Nd7 18. Nf3 Nf6 19. b5 Ne4 20. Qc2 axb5 21. axb5 Bd7 22. bxc6 Bxc6 23. Ne5 Rac8 24. Bxe4 dxe4 25. Qb3 Qe6 26. Qb6 Bd5 27. Qxe6 Bxe6 28. Rcb1 Rc7 29. Rb6 Kh7 30. f3 f6 31. Ng4 exf3 32. gxf3 Bxg4 33. fxg4 Rxe3 34. Rab1 Re4 35. h3 Rxd4 36. Rxb7 Rxb7 37. Rxb7 Rd2 38. Kh1 Kg6 39. Rb5 Re2 40. Ra5 Re5 41. Ra7 Re2 42. Ra5 Re5 43. Ra7 h5 44. Kg2 hxg4 45. hxg4 Re3 46. Ra5 Kh6 47. Rb5 Kg6 48. Ra5 Re5 49. Ra3 Kg5 50. Kg3 g6 51. Rb3 Rd5 52. Ra3 Rb5 53. Rc3 Rd5 54. Ra3 Rd4 55. Ra5+ f5 56. gxf5 Rd3+ 57. Kf2 gxf5 58. Ra4 Rb3 59. Rc4 f4 60. Rc8 1/2-1/2

[Event "CZE-chT2E 1213"]
[Site "Czech Republic"]
[Date "2013.02.17"]
[Round "9.5"]
[White "Loubal, Pavel"]
[Black "Mlynek, Petr"]
[Result "0-1"]
[WhiteElo "2013"]
[BlackElo "2155"]
[PlyCount "68"]
[EventDate "2012.10.14"]
[EventType "team-tourn"]
[EventRounds "11"]
[EventCountry "CZE"]
[SourceTitle "EXT 2016"]
[Source "ChessBase"]
[SourceDate "2015.10.08"]
[SourceVersion "1"]
[SourceVersionDate "2015.10.08"]
[SourceQuality "1"]
[WhiteTeam "Adamov"]
[BlackTeam "Brno Duras II"]
[WhiteTeamCountry "CZE"]
[BlackTeamCountry "CZE"]

1. d4 d5 2. c4 c6 3. Nf3 e6 4. Nc3 dxc4 5. a4 Bb4 6. e3 b5 7. Bd2 a5 8. axb5 Bxc3 9. Bxc3 cxb5 10. b3 Bb7 11. bxc4 b4 12. Bb2 Nf6 13. Be2 0-0 14. 0-0 Nbd7 15. Qb3 Qc7 16. h3 Rfb8 17. Rfd1 Bc6 18. d5 a4 19. Qc2 Bxd5 20. Qd2 Bc6 21. Nd4 Ne4 22. Qc2 a3 23. Nxc6 Qxc6 24. Rxd7 axb2 25. Rad1 Nc3 26. Qxb2 Nxd1 27. Rxd1 Qa4 28. Qd4 h6 29. Bf3 Rd8 30. Qxd8+ Rxd8 31. Rxd8+ Kh7 32. Be4+ f5 33. Bf3 b3 34. c5 b2 0-1

[Event "CZE-chT2E 1213"]
[Site "Czech Republic"]
[Date "2013.01.20"]
[Round "7.4"]
[White "Senkyr, Martin"]
[Black "Loubal, Pavel"]
[Result "1/2-1/2"]
[WhiteElo "2171"]
[BlackElo "2013"]
[PlyCount "118"]
[EventDate "2012.10.14"]
[EventType "team-tourn"]
[EventRounds "11"]
[EventCountry "CZE"]
[SourceTitle "EXT 2016"]
[Source "ChessBase"]
[SourceDate "2015.10.08"]
[SourceVersion "1"]
[SourceVersionDate "2015.10.08"]
[SourceQuality "1"]
[WhiteTeam "Zlin II"]
[BlackTeam "Adamov"]
[WhiteTeamCountry "CZE"]
[BlackTeamCountry "CZE"]

1. e4 c5 2. Nf3 Nc6 3. Nc3 e6 4. d4 cxd4 5. Nxd4 Nf6 6. Nxc6 bxc6 7. e5 Nd5 8. Ne4 f5 9. exf6 Nxf6 10. Nd6+ Bxd6 11. Qxd6 Qb6 12. Bd3 c5 13. Bf4 Bb7 14. 0-0-0 Rc8 15. f3 c4 16. Be2 Qxd6 17. Bxd6 Bd5 18. Rhe1 Rc6 19. Bb4 Kf7 20. Bc3 Rb8 21. g4 h6 22. h4 g6 23. Rd4 Ke7 24. Bd1 g5 25. Rd2 Rg8 26. hxg5 hxg5 27. Rh2 Rcc8 28. Bd2 Rcf8 29. Re5 Rh8 30. Rxh8 Rxh8 31. Bxg5 Rh1 32. Kd2 Rh2+ 33. Re2 Rh1 34. Re1 Rh2+ 35. Kc3 Kf7 36. Bf4 Rh3 37. Be3 Bxf3 38. Bxf3 Rxf3 39. Kxc4 a6 40. g5 Ne4 41. Kd4 Ng3 42. c4 Nf5+ 43. Ke4 Rg3 44. Bf4 Rg2 45. Rd1 Ke7 46. Rd2 Rg1 47. Rh2 Re1+ 48. Kd3 e5 49. Bd2 e4+ 50. Kc3 Rf1 51. c5 e3 52. Re2 Rf2 53. Rxe3+ Nxe3 54. Bxe3 Rg2 55. a4 Ke6 56. b4 Rg4 57. b5 axb5 58. axb5 Kd5 59. Kd3 Rxg5 1/2-1/2

[Event "CZE-chT2E 1011"]
[Site "Czech Republic"]
[Date "2010.11.07"]
[Round "2.6"]
[White "Loubal, Pavel"]
[Black "Kasik, Miroslav1111"]
[Result "1-0"]
[WhiteElo "2026"]
[BlackElo "2042"]
[PlyCount "99"]
[EventDate "2010.10.17"]
[EventType "team-tourn"]
[EventRounds "11"]
[EventCountry "CZE"]
[SourceTitle "EXT 2012"]
[Source "ChessBase"]
[SourceDate "2011.11.24"]
[SourceVersion "1"]
[SourceVersionDate "2011.11.24"]
[SourceQuality "1"]
[WhiteTeam "Adamov"]
[BlackTeam "Kromeriz"]
[WhiteTeamCountry "CZE"]
[BlackTeamCountry "CZE"]

1. d4 Nf6 2. c4 e5 3. dxe5 Ng4 4. Nf3 Bc5 5. e3 Nc6 6. Be2 0-0 7. 0-0 Re8 8. Nbd2 a5 9. Nb3 Bf8 10. Nbd4 Ncxe5 11. h3 Nxf3+ 12. Nxf3 Nf6 13. b3 d5 14. Bb2 dxc4 15. Bxc4 Be6 16. Rc1 Bd6 17. Bxe6 Rxe6 18. Ng5 Re8 19. Qc2 h6 20. Bxf6 Qxf6 21. Qh7+ Kf8 22. Ne4 Qg6 23. Qxg6 fxg6 24. Nxd6 cxd6 25. Rc7 Re7 26. Rfc1 Rd8 27. Kf1 Ke8 28. Ke2 Rdd7 29. R7c4 g5 30. Rd4 Re5 31. Rcd1 Ke7 32. Rd5 Ke6 33. Rxe5+ Kxe5 34. Rc1 d5 35. Kd3 Kd6 36. Kd4 b6 37. f3 Rd8 38. Rc2 Re8 39. a4 h5 40. e4 dxe4 41. fxe4 Rf8 42. e5+ Kd7 43. Kd5 Rf4 44. Rc3 g6 45. Rc6 Rd4+ 46. Kxd4 Kxc6 47. Kc4 Kd7 48. Kd5 Ke7 49. e6 g4 50. hxg4 1-0

[Event "Bohemia South-chT 0405"]
[Site "Czech Republic"]
[Date "2004.??.??"]
[Round "?"]
[White "Lamser, Miroslav"]
[Black "Loubal, Pavel"]
[Result "1/2-1/2"]
[WhiteElo "2035"]
[BlackElo "2005"]
[PlyCount "32"]
[EventDate "2004.10.??"]
[EventType "team"]
[EventRounds "11"]
[EventCountry "CZE"]
[SourceTitle "EXT 2007"]
[Source "ChessBase"]
[SourceDate "2006.11.23"]
[SourceVersion "1"]
[SourceVersionDate "2006.11.23"]
[SourceQuality "1"]

1. d4 Nf6 2. Nf3 g6 3. c4 Bg7 4. Nc3 d6 5. g3 0-0 6. Bg2 Nbd7 7. 0-0 c6 8. b3 e5 9. dxe5 dxe5 10. Qc2 Qa5 11. a3 Re8 12. b4 Qc7 13. Nd2 Nb6 14. Bb2 Be6 15. c5 Nbd5 16. e4 Ne7 1/2-1/2

[Event "Bohemia South-chT 0405"]
[Site "Czech Republic"]
[Date "2004.??.??"]
[Round "?"]
[White "Loubal, Pavel"]
[Black "Hrabe, Petr"]
[Result "1/2-1/2"]
[WhiteElo "2005"]
[BlackElo "2130"]
[PlyCount "31"]
[EventDate "2004.10.??"]
[EventType "team"]
[EventRounds "11"]
[EventCountry "CZE"]
[SourceTitle "EXT 2007"]
[Source "ChessBase"]
[SourceDate "2006.11.23"]
[SourceVersion "1"]
[SourceVersionDate "2006.11.23"]
[SourceQuality "1"]

1. d4 d5 2. c4 e6 3. Nc3 c5 4. e3 Nf6 5. Nf3 Nc6 6. dxc5 Bxc5 7. a3 a6 8. b4 Ba7 9. Bb2 0-0 10. Be2 dxc4 11. Qxd8 Rxd8 12. Bxc4 b5 13. Ba2 Bb7 14. 0-0 Rd7 15. Rfd1 Rad8 16. Rxd7 1/2-1/2

[Event "Bohemia South-chT 0405"]
[Site "Czech Republic"]
[Date "2004.??.??"]
[Round "?"]
[White "Loubal, Pavel"]
[Black "Nehybka, Jiri"]
[Result "0-1"]
[WhiteElo "2005"]
[BlackElo "2175"]
[PlyCount "70"]
[EventDate "2004.10.??"]
[EventType "team"]
[EventRounds "11"]
[EventCountry "CZE"]
[SourceTitle "EXT 2007"]
[Source "ChessBase"]
[SourceDate "2006.11.23"]
[SourceVersion "1"]
[SourceVersionDate "2006.11.23"]
[SourceQuality "1"]

1. d4 g6 2. c4 Bg7 3. Nc3 d6 4. e4 Nd7 5. Nf3 e5 6. Bg5 f6 7. Be3 Ne7 8. d5 0-0 9. Be2 f5 10. Ng5 Nf6 11. f3 f4 12. Bf2 b6 13. b4 h6 14. Ne6 Bxe6 15. dxe6 Qc8 16. Nd5 Re8 17. c5 dxc5 18. bxc5 Nexd5 19. exd5 c6 20. Bc4 cxd5 21. Bb5 Rxe6 22. Rc1 e4 23. cxb6 Qd8 24. b7 Rb8 25. 0-0 e3 26. Be1 Rxb7 27. Qe2 Rb8 28. Bd3 Nd7 29. Bc3 Bxc3 30. Rxc3 Ne5 31. Ba6 Qa5 32. Rc8+ Rxc8 33. Bxc8 Rc6 34. Bh3 Qc5 35. Kh1 Qc4 0-1